000 00347nam a22001457a 4500
027 _qHB.
040 _cFIZZA ISHAQ
082 _a539
_bBEI
100 _aBEISER,ARTHUR.
_98560
245 _aCONCEPTS OF MODERN PHYSICS /
_cARTHUR BEISER.
250 _a3RD ED.
260 _aNEW YORK;
_bMcGRAW-HILL,
_c1981.
300 _a533 P ;
942 _2ddc
_cBK
999 _c615154
_d615154